000 00651nam a2200205Ia 4500
003 GCL
008 140319s9999 xx 000 0 ara d
040 _aGCL /
_cGCL
082 0 4 _aد
_b050
100 1 _aاسماعيل ابراهيم
245 1 0 _aاقتصاديات الاسكان ( عالم المعرفة 127 ) /
_cاسماعيل ابراهيم
300 _a420 ص
490 _aعالم المعرفة
_v0
650 0 4 _aالتخطيط الاقتصادى
650 0 4 _aالاحوال الاقتصادية
650 0 4 _aالاسكان
650 0 4 _aتخطيط المدن
650 0 4 _aالاسكان - اقتصاديات
942 _2ddc
_cBK
999 _c50260
_d50260